000 00553nam a2200217Ia 4500
008 150901s9999 xx 000 0 und d
041 _aEnglish
082 _a150
082 _bD`AM/EX
100 _aD`amato M R
100 _eAuthor
245 _aExperimental psychology methodology, psychophysics, and learning
260 _aNew Delhi
260 _bTata - Mcgraw - Hill Publishing
260 _c1985
300 _a726 Pages
365 _aRs .66.00
650 _abehavioural science
650 _aPsychology
942 _cBK
999 _c239165
_d239165